Case files pharmacology / (Record no. 18454)
[ view plain ]
| 000 -LEADER | |
|---|---|
| fixed length control field | 00831nam a22002655a 4500 |
| 005 - DATE AND TIME OF LATEST TRANSACTION | |
| control field | 20150826114430.0 |
| 008 - FIXED-LENGTH DATA ELEMENTS--GENERAL INFORMATION | |
| fixed length control field | 141015s2014 xxuak frb 001 0 eng d |
| 020 ## - INTERNATIONAL STANDARD BOOK NUMBER | |
| International Standard Book Number | 9781259072390 |
| 020 ## - INTERNATIONAL STANDARD BOOK NUMBER | |
| International Standard Book Number | 1259072398 |
| 040 ## - CATALOGING SOURCE | |
| Original cataloging agency | EG-ScBUE |
| Language of cataloging | eng |
| Transcribing agency | EG-ScBUE |
| 082 04 - DEWEY DECIMAL CLASSIFICATION NUMBER | |
| Edition number | 22 |
| Classification number | 615.1 |
| Item number | CAS |
| 245 00 - TITLE STATEMENT | |
| Title | Case files pharmacology / |
| Statement of responsibility, etc | Eugene C. Toy ... [et al.] |
| 250 ## - EDITION STATEMENT | |
| Edition statement | 3rd ed., International ed. |
| 260 ## - PUBLICATION, DISTRIBUTION, ETC. (IMPRINT) | |
| Place of publication, distribution, etc | New York : |
| Name of publisher, distributor, etc | McGraw-Hill Education Medical, |
| Date of publication, distribution, etc | 2014 |
| Place of manufacture | ([Singapore]) |
| 300 ## - PHYSICAL DESCRIPTION | |
| Extent | x, 453 p. : |
| Other physical details | forms, tables ; |
| Dimensions | 24 cm. |
| 500 ## - GENERAL NOTE | |
| General note | Index : p. 427-453. |
| 504 ## - BIBLIOGRAPHY, ETC. NOTE | |
| Bibliography, etc | Includes bibliographical references. |
| 590 ## - LOCAL NOTE (RLIN) | |
| Local note | Menna elemam |
| 650 #0 - SUBJECT ADDED ENTRY--TOPICAL TERM | |
| Topical term or geographic name as entry element | Pharmacology |
| 9 (RLIN) | 12590 |
| Source of heading or term | BUEsh |
| 651 ## - SUBJECT ADDED ENTRY--GEOGRAPHIC NAME | |
| Source of heading or term | BUEsh |
| 653 ## - INDEX TERM--UNCONTROLLED | |
| Resource For college | Pharmacy |
| Arrived date list | August2015 |
| 655 ## - INDEX TERM--GENRE/FORM | |
| Form subdivision | |
| -- | 33728 |
| 700 1# - ADDED ENTRY--PERSONAL NAME | |
| Personal name | Toy, Eugene C. |
| 9 (RLIN) | 36213 |
| 942 ## - ADDED ENTRY ELEMENTS (KOHA) | |
| Source of classification or shelving scheme | Dewey Decimal Classification |
| Call number prefix | 615.1 CAS |
| Withdrawn status | Item status | Source of classification or shelving scheme | Damaged status | Not for loan | Vendor | Home library | Current library | Shelving location | Date acquired | Source of acquisition | Cost, normal purchase price | Total Checkouts | Full call number | Barcode | Date last seen | Cost, replacement price | Koha item type | Total Renewals | Date last borrowed |
|---|---|---|---|---|---|---|---|---|---|---|---|---|---|---|---|---|---|---|---|
| Dewey Decimal Classification | Baccah | Central Library | Central Library | First floor | 15/10/2014 | 180.00 | 615.1 CAS | 000036661 | 15/07/2025 | 225.00 | NB - Book (Non borrowing) | ||||||||
| Dewey Decimal Classification | Baccah | Central Library | Central Library | First floor | 15/10/2014 | 180.00 | 10 | 615.1 CAS | 000036662 | 15/04/2026 | 225.00 | Book - Borrowing | 33 | 11/04/2026 | |||||
| Dewey Decimal Classification | Baccah | Central Library | Central Library | First floor | 15/10/2014 | 180.00 | 11 | 615.1 CAS | 000036663 | 15/07/2025 | 225.00 | Book - Borrowing | 3 | 20/10/2024 | |||||
| Dewey Decimal Classification | Baccah | Central Library | Central Library | First floor | 15/10/2014 | 180.00 | 8 | 615.1 CAS | 000036664 | 15/07/2025 | 225.00 | Book - Borrowing | 9 | 16/12/2020 | |||||
| Dewey Decimal Classification | Baccah | Central Library | Central Library | First floor | 15/10/2014 | 180.00 | 3 | 615.1 CAS | 000036665 | 15/07/2025 | 225.00 | Book - Borrowing | 27 | 10/10/2024 |